000 00291nam a22001337a 4500
999 _c12831
_d12831
020 _a9788131705216
082 _a005.133
100 _aStroustrup Bjarne
245 _aThe C++ Programming Language
250 _a3rd
260 _aIndia
_bPearson
_c2006
300 _a1019 pages
942 _cBK